Les plus grandes villes du bassin du Yangtze sur une carte - Statistiques

Statistiques générales
  • Ce quiz a été pris 199 fois
  • Le résultat moyen est 6 sur 15
Réponses sur la Carte
Les réponses sont colorées sur une échelle allant du rouge au vert en fonction du pourcentage des utilisateurs qui les ont devinées à leur premier essai. Vous pouvez retrouver ces pourcentages ci-dessous.
 
Statistiques - réponses
Population Ville % Correct
21 909 800 Shanghai
99%
10 494 900 Wuhan
84%
13 568 400 Chengdu
65%
9 580 800 Chongqing
58%
7 519 800 Nanjing
55%
5 630 300 Changsha
34%
5 273 100 Kunming
32%
5 892 900 Suzhou
27%
5 056 000 Hefei
26%
6 461 000 Zhengzhou
20%
4 021 300 Guiyang
15%
3 957 000 Wuxi
15%
3 519 000 Nanchang
14%
3 187 300 Changzhou
13%
2 987 600 Nantong
12%
Aucun quiz correspondant
Distribution des résultats
% des personnes avec chaque résultat
Percentile par nombre de réponses
Votre historique - résultats
Vous n’avez pas pris ce quiz